JCT standard form of building contract 1980 edition: practice notes 2 - 5 (Record no. 97531)

MARC details
000 -LEADER
fixed length control field 00966cam a2200241 4500
001 - CONTROL NUMBER
control field D6196
008 - FIXED-LENGTH DATA ELEMENTS--GENERAL INFORMATION
fixed length control field 090401t1981 xxu||||| |||| 00| 0 eng d
035 ## - SYSTEM CONTROL NUMBER
System control number (Sirsi) u90099
041 ## - LANGUAGE CODE
Language code of text/sound track or separate title eng
050 ## - LIBRARY OF CONGRESS CALL NUMBER
Classification number 692.8
110 ## - MAIN ENTRY--CORPORATE NAME
Corporate name or jurisdiction name as entry element Joint Contracts Tribunal
9 (RLIN) 3664
245 ## - TITLE STATEMENT
Title JCT standard form of building contract 1980 edition: practice notes 2 - 5
260 ## - PUBLICATION, DISTRIBUTION, ETC.
Name of publisher, distributor, etc. RIBA
Date of publication, distribution, etc. 1981
300 ## - PHYSICAL DESCRIPTION
Extent 3p. 30cm
350 ## - PRICE (NR) (BK AM CF MU VM SE) [OBSOLETE]
Price 0
490 ## - SERIES STATEMENT
Series statement JCT Practice Note
Volume/sequential designation 2
490 ## - SERIES STATEMENT
Series statement JCT Practice Note
Volume/sequential designation 3
490 ## - SERIES STATEMENT
Series statement JCT Practice Note
Volume/sequential designation 4
490 ## - SERIES STATEMENT
Series statement JCT Practice Note
Volume/sequential designation 5
520 ## - SUMMARY, ETC.
Summary, etc. Filed in box JCT 1981/5AC A - Archives, C - Loan ; Contents: Practice note 2: Clauses 21, 22, and 30.3: insurance provisions: Practice note 3: Clauses 21.2: Insurance - liability etc. of employer - provisional sum: Practice note 4: Clauses 5.2.2 and 5.4 Drawings - additional copies: Practice note 5: Clauses 30.3 and 16.2: Payment for off-site mater
942 ## - ADDED ENTRY ELEMENTS (KOHA)
Suppress in OPAC 0
948 ## - LOCAL PROCESSING INFORMATION (OCLC); SERIES PART DESIGNATOR (RLIN)
c (OCLC) 04/03/1997
Holdings
Withdrawn status Lost status Source of classification or shelving scheme Damaged status Not for loan Home library Current library Shelving location Date acquired Total Checkouts Full call number Barcode Date last seen Copy number Price effective from Koha item type Date last checked out
    Dewey Decimal Classification     London London Boxed set 08/08/1991   JCT 1981/5 30016380 06/08/2019 1 06/08/2019 Reference material  
    Dewey Decimal Classification     London London Boxed set 09/08/1991 1 JCT 1981/5 30016486 06/08/2019 2 06/08/2019 Book 30/01/2002